|
|
|
|
| LEADER |
00000nam1a2200000 4500 |
| 001 |
249922 |
| 005 |
20231031213011.0 |
| 010 |
|
|
|a 5247016750
|
| 035 |
|
|
|a (RuTPU)RU\TPU\book\272053
|
| 090 |
|
|
|a 249922
|
| 100 |
|
|
|a 20140210d1988 m y0rusy5003 ca
|
| 101 |
0 |
|
|a rus
|
| 102 |
|
|
|a RU
|
| 200 |
1 |
|
|a Современная палеонтология: методы, направления, проблемы, практическое приложение
|e справочное пособие
|e в 2 т.
|f под ред. С. В. Мейена ; В. П. Макридина
|
| 210 |
|
|
|a Москва
|c Недра
|d 1988
|
| 702 |
|
1 |
|a Мейен
|b С. В.
|g Сергей Викторович
|4 340
|
| 702 |
|
1 |
|a Макридин
|b В. П.
|g Владимир Петрович
|4 340
|
| 801 |
|
0 |
|a RU
|b RuMRKP
|c 19960705
|g psbo
|
| 801 |
|
1 |
|a RU
|b 63413507
|c 20140210
|
| 801 |
|
2 |
|a RU
|b 63413507
|c 20140220
|g RCR
|
| 942 |
|
|
|c BK
|